| 000 | 00440nam a22001577a 4500 | ||
|---|---|---|---|
| 003 | OSt | ||
| 005 | 20251113072935.0 | ||
| 008 | 251113b |||||||| |||| 00| 0 eng d | ||
| 020 | _a1450531970 | ||
| 040 | _cTERRY STARFFORD | ||
| 050 |
_aJC 495 .S73 2010 _b .S73 2010 |
||
| 245 |
_aDEADLY DICTATORS: _bMASTERMINDS OF 20TH CENTURY GENOCIDES/ _cSTAFFORD ,TERRY |
||
| 250 | _a1ST EDITION | ||
| 260 |
_aUSA: _bLEXINGTON, _c2010 |
||
| 942 |
_2lcc _cBK _n0 |
||
| 999 |
_c9787 _d9787 |
||